000 00936pam a2200265 a 4500
001 1597301
003 GBCCL
005 20260121110857.0
008 940526s1994 tnub 001 0 eng
020 _a0805401180 :
_c$27.99
040 _aDLC
_cDLC
_dDLC
082 0 0 _a220.77
_220
_bNAC
082 0 0 _a224.5077
_bMIL
100 1 _aMiller, Stephen R.,
_d1949-
_9797
245 1 0 _aDaniel /
_cStephen R. Miller.
260 _aNashville, Tenn. :
_bBroadman & Holman,
_cc1994.
300 _a348 p. :
_bmap ;
_c24 cm.
440 4 _aThe New American Commentary ;
_vv. 18
_9798
500 _aIncludes indexes.
630 0 0 _aBible.
_pDaniel
_xCommentaries.
_9799
856 4 2 _3Publisher description
_uhttp://www.loc.gov/catdir/enhancements/fy1003/94025014-d.html
906 _a7
_bcbc
_corignew
_d1
_eocip
_f19
_gy-gencatlg
942 _2ddc
_cREF
999 _c692
_d692